000 00516cam a2200193ua 4500
001 3740
005 20260515113725.0
008 120204n ii |||gr||||Z||||||asm
040 _cMAIN
082 _a891.4514
100 _aNeog, Dimbeswar,
_eAuthor.
245 1 1 _aNatun puharat asamiya sahityar buranji
_cby Dimbeswar Neog
250 _a7th.
260 _aGuwahati:
_bSuwani Prakash,997.
300 _a384p:
_c23cm.
653 _aAssamese buranji
653 _aNatun Puharat asamiya sahityar buranji
942 _cBK
999 _c3564
_d3564